Famous English People by Picture - Statistics

General Stats
  • This quiz has been taken 442 times
  • The average score is 16 of 20
Answer Stats
Picture Answer % Correct
Diana Frances Spencer
96%
Ed Sheeran
95%
Freddie Mercury
94%
Elizabeth II
93%
Winston Churchill
93%
David Beckham
90%
John Lennon
89%
William Shakespeare
89%
David Bowie
84%
Henry VIII
81%
Adele
80%
Charles Darwin
79%
Mick Jagger
74%
Lewis Hamilton
72%
Idris Elba
71%
J.K. Rowling
71%
Audrey Hepburn
69%
Florence Nightingale
55%
Charles Dickens
51%
Charlie Chaplin
36%
No matching quizzes found
Score Distribution
Percent of People with Each Score
Percentile by Number Answered
Your Score History
You have not taken this quiz